00441nam a2200181 a 4500001001300000003000900013005001700022008004100039020001000080082001700090100001600107245003100123260002700154300000900181500003500190650001800225700001600243nice12345678IN_TiNIC20260116012639.0070801s1977 mada grp 000 0 eng  ac10000a270.82bTHO2 aThomas, M M aSome Theological Dialogues aMadras bNo Pub c1977 a157p aincludes index and biblioraphy aEcumenicalism1 aThomas, M M